Missing Word: Office Space Cast Quiz Stats

Quiz Updated Oct 17, 2014

Challenge
Share
Tweet
Embed
Score 0/20 Timer 02:00
0 Plays Today
Hint Answer % Correct
Stephen RootFinding
97.4%
Jennifer AnistonAlmighty
95.9%
Stephen RootOld
93.9%
Gary ColeBunch
93.8%
Jennifer AnistonPolly
89.4%
Gary ColeFire
88%
Gary ColeExpress
87.4%
Diedrich BaderDynamite
86.4%
Jennifer AnistonMarley
84.6%
Stephen RootStare
84.5%
Hint Answer % Correct
Stephen RootGo
80.8%
Stephen RootKeep
80.2%
Diedrich BaderHillbillies
79.6%
Diedrich BaderBob
74.3%
Gary ColeTalladega
73.2%
Gary ColeUnderdog
70.4%
Jennifer AnistonMillers
64%
Diedrich BaderAge
52.9%
Diedrich BaderMeet
50.7%
Jennifer AnistonGiant
47.7%

Today's Daily Dose

Missing Word
Murder Movies

Word Ladder
Bouvier Twins

On This Day
August 16th

You're not logged in!

Compare scores with friends on all Sporcle quizzes.
Sign Up with Email
OR
Log In

You Might Also Like...

Show Comments

Extras

Top Quizzes Today


Score Distribution

Your Account Isn't Verified!

In order to create a playlist on Sporcle, you need to verify the email address you used during registration. Go to your Sporcle Settings to finish the process.